Dos fechas (aniversarios y testimonios) / (Record no. 9429)
[ view plain ]
| 000 -LEADER | |
|---|---|
| campo de control de longitud fija | 00892cam a2200289u 4500 |
| 001 - NÚMERO DE CONTROL | |
| campo de control | 37045 |
| 003 - IDENTIFICADOR DE NÚMERO DE CONTROL | |
| campo de control | BJBSDDR |
| 005 - FECHA Y HORA DE LA ÚLTIMA TRANSACCIÓN | |
| campo de control | 20250812130757.0 |
| 006 - CÓDIGOS DE INFORMACIÓN DE LONGITUD FIJA--CARACTERÍSTICAS DEL MATERIAL ADICIONAL | |
| campo de control de longitud fija | a|||||r|||| 00| 0 |
| 007 - CAMPO FIJO DE DESCRIPCIÓN FÍSICA--INFORMACIÓN GENERAL | |
| campo de control de longitud fija | ta |
| 008 - DATOS DE LONGITUD FIJA--INFORMACIÓN GENERAL | |
| campo de control de longitud fija | 821214m19739999mx a 000 0 spa |
| 010 ## - NÚMERO DE CONTROL DE LA BIBLIOTECA DEL CONGRESO | |
| Número de control de LC | 74203103 |
| 035 ## - NÚMERO DE CONTROL DEL SISTEMA | |
| Número de control de sistema | 9944572 |
| 040 ## - FUENTE DE CATALOGACIÓN | |
| Centro catalogador/agencia de origen | DLC |
| Centro/agencia transcriptor | CarP |
| Centro/agencia modificador | DLC |
| Lengua de catalogación | spa |
| 041 ## - CÓDIGO DE IDIOMA | |
| Código de lengua del texto/banda sonora o título independiente | spa |
| 043 ## - CÓDIGO DE ÁREA GEOGRÁFICA | |
| Código de área geográfica | nwcu--- |
| 050 14 - SIGNATURA TOPOGRÁFICA DE LA BIBLIOTECA DEL CONGRESO | |
| Número de clasificación | 107 F 1787.5 |
| Número de ítem | B333d 1973 |
| 100 1# - ENTRADA PRINCIPAL--NOMBRE DE PERSONA | |
| Nombre de persona | Batista y Zaldívar, Fulgencio, |
| Fechas asociadas al nombre | 1901-1973 |
| 9 (RLIN) | 29292 |
| 245 10 - MENCIÓN DEL TÍTULO | |
| Título | Dos fechas (aniversarios y testimonios) / |
| Resto del título | Fulgencio Batista. |
| 246 14 - FORMA VARIANTE DEL TITULO | |
| Título propio/Titulo breve | Dos fechas : |
| Resto del título | aniversarios y testimonios : 1933-1944 |
| 250 ## - MENCION DE EDICION | |
| Mención de edición | [1. ed.] |
| 260 ## - PUBLICACIÓN, DISTRIBUCIÓN, ETC. | |
| Lugar de publicación, distribución, etc. | México, D.F : |
| Nombre del editor, distribuidor, etc. | Ediciones Botas, |
| Fecha de publicación, distribución, etc. | 1973- |
| 300 ## - DESCRIPCIÓN FÍSICA | |
| Extensión | Volumen <1> : |
| Otras características físicas | ilustraciones ; |
| Dimensiones | 23 cm. |
| 651 #0 - PUNTO DE ACCESO ADICIONAL DE MATERIA--NOMBRE GEOGRÁFICO | |
| Nombre geográfico | Cuba |
| Subdivisión general | Politics and government |
| Subdivisión cronológica | 1933-1959. |
| 651 #4 - PUNTO DE ACCESO ADICIONAL DE MATERIA--NOMBRE GEOGRÁFICO | |
| Nombre geográfico | Cuba |
| Subdivisión general | Política y gobierno |
| Subdivisión cronológica | 1933-1959 |
| 9 (RLIN) | 44175 |
| 942 ## - ELEMENTOS DE ENTRADA SECUNDARIOS (KOHA) | |
| Fuente del sistema de clasificación o colocación | Clasificación de Library of Congress |
| Tipo de ítem Koha | Libro |
| Estatus retirado | Estado de pérdida | Fuente del sistema de clasificación o colocación | Estado de daño | No para préstamo | Colección | Biblioteca de origen | Biblioteca actual | Ubicación en estantería | Fecha de adquisición | Serial enumeration / chronology | Total checkouts | Signatura topográfica completa | Código de barras | Visto por última vez | Copia número | Precio de reemplazo | Tipo de ítem Koha |
|---|---|---|---|---|---|---|---|---|---|---|---|---|---|---|---|---|---|
| Clasificación de Library of Congress | Recursos Regionales | Biblioteca Juan Bosch | Biblioteca Juan Bosch | Recursos Regionales (2do. Piso) | 04/04/2023 | v.1 | 107 F 1787.5 B333d 1973 | 00000038274 | 23/10/2018 | 1 | 23/10/2018 | Libro |
